000 00559nam a2200241Ia 4500
003 OSt
005 20220918203430.0
006 a|||||r|||| 00| 0
007 ta
008 220917b |||||||| |||| 00| 0 eng d
024 _a108,261
037 _cTextual
040 _aARTS
_cARTS
_beng
041 _2eng
_aeng
082 _aV33:21wJ42, G1
100 _aZweig
_9108557
245 0 _aQueen of Scots
250 _a4th
260 _c1931
650 _aHISTORY
942 _hV33:21wJ42, G1
_cTEXL
_2CC
999 _c231615
_d231615